00773nam a2200205Ia 4500003000900000008004100009040001600050080002500066110003300091245014100124260005000265300000900315500001900324650004000343650001800383650002100401942000700422999001500429952012300444IN-BaIIA211028s9999 xx 000 0 eng d cIIA Library a083.7:621.753.1bISI aIndian Standards Institution 0aIndian standard recommendations for modular co-ordinations-applications of tolerances in building industrycIndian Standards Institution aNew DelhibIndian Standards Institutionc1972 a13p. aIS 6408 : 1971 a Building Industry-Standards98847 a Standards  aNASA Thesaurus  cBK c4944d4944 00104070aBANbBANcGENd1976-09-09g7.00l0o083.7:621.753.1/ ISIp5531r2021-11-05v7.00w1976-09-09yBKGRs. 7.00